Statistics for Most and Least Streamed Songs On Kanye Albums

Click here to take the quiz!

General Stats

  • This quiz has been taken 240 times
    (20 since last reset)
  • The average score is 12 of 26

Answer Stats

AlbumsStreamsSong% Correct
The College Dropout623.2 MAll Falls Down
81%
Late Registration1.1 BGold Digger
81%
Graduation1.3 BStronger
81%
Yeezus930.5 MBound 2
75%
808's & Heartbreak1.2 BHeartless
75%
Watch The Throne1.4 BNi**as in Paris
75%
VULTURES 1413.6 MCARNIVAL
63%
The Life Of Pablo1 BFather Stretch My Hands Pt. 1
56%
31.6 MGood Night
56%
My Beautiful Dark Twisted Fantasy926.4 MPOWER
56%
ye575.2 MViolent Crimes
56%
JESUS IS KING411 MFollow God
50%
35.1 MBreathe In Breathe Out
38%
104.9 MI Thought About Killing You
38%
KIDS SEE GHOSTS314.4 MReborn
38%
71.1 MFreeee (Ghost Town Pt. 2)
31%
50.8 MGuilt Trip
31%
86.1 MSo Appalled
31%
25.5 MCelebration
25%
Donda445.9 MPraise God
25%
50.4 MHands On
19%
23.1 MKING
19%
81.4 MFreestyle 4
13%
41.5 MSee You In My Nightmares
13%
26.9 MTell The Vision
13%
32.2 MWelcome To The Jungle
13%

Score Distribution

Percentile by Number Answered

Percent of People with Each Score

Your Score History

You have not taken this quiz since the last reset